000 01070nam a2200253 a 4500
001 000227289
003 AM-YEHGA
005 20250618075913.0
008 030521s1943 ai |||||r|||||||||0|arm|d
040 _aAM-YeHGA
041 0 _aarm
100 1 _aԶարյան, Նաիրի Եղիազարի,
_d1900-1969
_91692
245 1 0 _aՍովետական Միության հերոս կապիտան Ն.Գ. Ստեփանյան /
_cՆաիրի Զարյան.
260 _aԵրևան :
_bԱ. հ.,
_c1943.
300 _a48 էջ ;
_c14 սմ.
490 1 _aՀայաստանի զավակների մարտական սխրագործությունները / Խմբ.` Հ. Օրբելի
600 1 4 _aՍտեփանյան, Նելսոն
650 1 4 _aՀայրենական Մեծ պատերազմ
_9887
650 1 4 _aՍովետական Միության հերոսներ
700 1 _aՕրբելի, Հովսեփ Աբգարի,
_d1887-1961
_91599
830 0 _aՀայաստանի զավակների մարտական սխրագործությունները
942 _2udc
_cBK
090 _c512287
999 _c508839
_d508839